000 00965nam a2200277 a 4500
001 BRCA_6583
005 20190320205519.0
008 011011s1959----u--a######---#000-0#eng-#
041 _aeng
044 _au
050 4 _aN5300
_b.H45 1959
245 1 0 _aHelen Gardner´s Art Through the Ages
_crevised under the editorship of Sumner Mck. Crosby by The Department of the History of Art Yale University
250 _a4
260 _aE. U. A.
_bHarcourt, Brace and Company
_cc1959
300 _axiii, 840 p.
_bil., 8 láminas a color
_c25 cm.
500 _aIncluye glosario e índice alfabético
500 _aDonación Dra. Elsa Barberena
504 _aBibliografía: p. 785-786
650 1 4 _aArte
_xHistoria
_916423
650 1 4 _aArte antiguo
_xHistoria
_96009
650 1 4 _aArte moderno
_xHistoria
_916424
700 1 _aCrosby, Sumner Mck.
_916425
710 2 _aThe Department of the History of Art Yale University
_916426
902 _aDEB
942 _2lcc
_cB
999 _c6267
_d6267